000 00835nam a22001935i 4500
001 155574
003 ES-MaACL
005 20260616130213.0
008 040726s1900 fr |||| | fre d
040 _aCAM
_bspa
_cCAM
100 0 _aHomero
_964112
245 1 0 _aOnzième chant de l'Iliade /
_cHomère.
260 _aParis :
_bLibrairie Hachette,
_c1900 (
_fImprimerie Lahure)
300 _a120 p. ;
_c19 cm.
490 1 _aLes auteurs grecs expliqués d'après une méthode nouvelle par deux traductions françaises ... / par une société de professeurs et d'hellénistes
830 0 _aLes auteurs grecs expliqués d'après une méthode nouvelle par deux traductions françaises ... / par une société de professeurs et d'hellénistes
_9221574
852 _aES-MaACL
_j1827-F-6
_z-- Rust. muy deteriorada
999 _c155574
_d155574